[Event "April 9 Early 2024"]
[Site "Chess.com"]
[Date "2024.04.09"]
[Round "7"]
[White "Tarnowska, Aleksandra"]
[Black "Averchenko, Sergej"]
[Result "0-1"]
[Board "216"]
[WhiteFideId "1180967"]
[BlackFideId "4131533"]
[WhiteTitle "WCM"]
[BlackTitle "FM"]
[WhiteElo "2129"]
[BlackElo "2285"]
[WhiteTeam "POL"]
[BlackTeam "RUS"]
[WhiteClock "0:00:01"]
[BlackClock "0:01:14"]
[Variant "Standard"]

1. e4 {[%clk 0:03:00]}  c5 {[%clk 0:02:59]} 2. Nf3 {[%clk 0:02:59]}  d6 {[%clk 0:02:59]} 3. Bb5+ {[%clk 0:02:59]}  Bd7 {[%clk 0:02:58]} 4. Bxd7+ {[%clk 0:02:59]}  Qxd7 {[%clk 0:02:58]} 5. O-O {[%clk 0:03:00]}  Nc6 {[%clk 0:02:58]} 6. d3 {[%clk 0:02:53]}  e6 {[%clk 0:02:57]} 7. Nc3 {[%clk 0:02:53]}  Nf6 {[%clk 0:02:56]} 8. Ne2 {[%clk 0:02:54]}  Be7 {[%clk 0:02:55]} 9. Re1 {[%clk 0:02:52]}  O-O {[%clk 0:02:56]} 10. Ng3 {[%clk 0:02:52]}  Qc7 {[%clk 0:02:49]} 11. h3 {[%clk 0:02:32]}  d5 {[%clk 0:02:48]} 12. exd5 {[%clk 0:02:28]}  Nxd5 {[%clk 0:02:48]} 13. Bg5 {[%clk 0:02:14]}  Bd6 {[%clk 0:02:46]} 14. Ne4 {[%clk 0:02:11]}  Nd4 {[%clk 0:02:37]} 15. Nxd6 {[%clk 0:02:01]}  Qxd6 {[%clk 0:02:37]} 16. c3 {[%clk 0:02:01]}  Nxf3+ {[%clk 0:02:34]} 17. Qxf3 {[%clk 0:02:02]}  f6 {[%clk 0:02:31]} 18. Bh4 {[%clk 0:01:57]}  e5 {[%clk 0:02:31]} 19. Rad1 {[%clk 0:01:53]}  Rad8 {[%clk 0:02:22]} 20. Bg3 {[%clk 0:01:52]}  Qb6 {[%clk 0:02:21]} 21. Rd2 {[%clk 0:01:25]}  Ne7 {[%clk 0:02:18]} 22. d4 {[%clk 0:01:09]}  cxd4 {[%clk 0:02:12]} 23. cxd4 {[%clk 0:01:09]}  Rxd4 {[%clk 0:02:07]} 24. Rxd4 {[%clk 0:01:08]}  Qxd4 {[%clk 0:02:07]} 25. Qxb7 {[%clk 0:01:08]}  Nf5 {[%clk 0:02:07]} 26. Qb3+ {[%clk 0:00:47]}  Kh8 {[%clk 0:02:06]} 27. Rd1 {[%clk 0:00:45]}  Qc5 {[%clk 0:01:58]} 28. Qf3 {[%clk 0:00:35]}  Nd4 {[%clk 0:01:52]} 29. Qe3 {[%clk 0:00:21]}  Rc8 {[%clk 0:01:45]} 30. Kh2 {[%clk 0:00:13]}  h6 {[%clk 0:01:44]} 31. Rd3 {[%clk 0:00:13]}  Qc2 {[%clk 0:01:42]} 32. Rc3 {[%clk 0:00:11]}  Rxc3 {[%clk 0:01:40]} 33. bxc3 {[%clk 0:00:12]}  Ne2 {[%clk 0:01:34]} 34. Qxa7 {[%clk 0:00:02]}  Qb1 {[%clk 0:01:21]} 35. Qa8+ {[%clk 0:00:02]}  Kh7 {[%clk 0:01:19]} 36. Bxe5 {[%clk 0:00:01]}  Qg1# {[%clk 0:01:14]} 0-1

[Event "April 9 Early 2024"]
[Site "Chess.com"]
[Date "2024.04.09"]
[Round "7"]
[White "Kostiukov, Alexandr"]
[Black "Huayhuas Robles, Laura Sofia"]
[Result "1-0"]
[Board "222"]
[WhiteFideId "14108100"]
[BlackFideId "3836517"]
[BlackTitle "WCM"]
[WhiteElo "2254"]
[BlackElo "1845"]
[WhiteTeam "UKR"]
[BlackTeam "PER"]
[WhiteClock "0:01:09"]
[BlackClock "0:00:00"]
[Variant "Standard"]

1. g3 {[%clk 0:02:59]}  d5 {[%clk 0:02:59]} 2. Bg2 {[%clk 0:02:59]}  Nf6 {[%clk 0:03:00]} 3. d3 {[%clk 0:02:59]}  e6 {[%clk 0:03:00]} 4. e4 {[%clk 0:02:59]}  dxe4 {[%clk 0:03:00]} 5. dxe4 {[%clk 0:02:59]}  Qxd1+ {[%clk 0:03:00]} 6. Kxd1 {[%clk 0:03:00]}  g6 {[%clk 0:02:33]} 7. f3 {[%clk 0:02:49]}  Bg7 {[%clk 0:02:34]} 8. c3 {[%clk 0:02:49]}  O-O {[%clk 0:02:33]} 9. Bf4 {[%clk 0:02:49]}  c6 {[%clk 0:02:22]} 10. Nd2 {[%clk 0:02:48]}  Nbd7 {[%clk 0:02:14]} 11. Nh3 {[%clk 0:02:47]}  Nh5 {[%clk 0:02:06]} 12. Be3 {[%clk 0:02:41]}  f5 {[%clk 0:02:05]} 13. Kc2 {[%clk 0:02:25]}  Ne5 {[%clk 0:01:54]} 14. Rhf1 {[%clk 0:02:16]}  b6 {[%clk 0:01:43]} 15. f4 {[%clk 0:02:16]}  Ng4 {[%clk 0:01:41]} 16. Bg1 {[%clk 0:02:15]}  Ba6 {[%clk 0:01:38]} 17. Rfe1 {[%clk 0:02:03]}  Rac8 {[%clk 0:01:19]} 18. Ng5 {[%clk 0:01:53]}  Rfe8 {[%clk 0:00:28]} 19. exf5 {[%clk 0:01:39]}  exf5 {[%clk 0:00:29]} 20. Bxc6 {[%clk 0:01:30]}  Rxe1 {[%clk 0:00:26]} 21. Bd5+ {[%clk 0:01:30]}  Kf8 {[%clk 0:00:17]} 22. Nxh7+ {[%clk 0:01:22]}  Ke7 {[%clk 0:00:14]} 23. Rxe1+ {[%clk 0:01:21]}  Kd6 {[%clk 0:00:15]} 24. Bf7 {[%clk 0:01:13]}  Rh8 {[%clk 0:00:07]} 25. Ng5 {[%clk 0:01:12]}  Rh6 {[%clk 0:00:02]} 26. Re6+ {[%clk 0:01:09]}  Kd7 {[%clk 0:00:00]} 27. Rxg6 {[%clk 0:01:09]} 1-0

[Event "April 9 Early 2024"]
[Site "Chess.com"]
[Date "2024.04.09"]
[Round "7"]
[White "Kriti Mayur Patel"]
[Black "Gazineu Neto, Rubens"]
[Result "0-1"]
[Board "227"]
[WhiteFideId "35061780"]
[BlackFideId "2174685"]
[WhiteTitle "WCM"]
[WhiteElo "2187"]
[BlackElo "2001"]
[WhiteTeam "IND"]
[BlackTeam "BRA"]
[WhiteClock "0:00:04"]
[BlackClock "0:00:09"]
[Variant "Standard"]

1. e4 {[%clk 0:03:00]}  c5 {[%clk 0:02:59]} 2. d4 {[%clk 0:03:00]}  cxd4 {[%clk 0:02:53]} 3. c3 {[%clk 0:03:00]}  dxc3 {[%clk 0:02:54]} 4. Nxc3 {[%clk 0:03:01]}  Nc6 {[%clk 0:02:55]} 5. Nf3 {[%clk 0:03:01]}  e6 {[%clk 0:02:55]} 6. Bc4 {[%clk 0:03:02]}  d6 {[%clk 0:02:56]} 7. O-O {[%clk 0:03:02]}  a6 {[%clk 0:02:56]} 8. Qe2 {[%clk 0:03:03]}  b5 {[%clk 0:02:57]} 9. Bb3 {[%clk 0:03:03]}  Ra7 {[%clk 0:02:57]} 10. Rd1 {[%clk 0:03:02]}  Rd7 {[%clk 0:02:58]} 11. Bf4 {[%clk 0:03:01]}  h6 {[%clk 0:02:57]} 12. Rac1 {[%clk 0:03:01]}  Bb7 {[%clk 0:02:57]} 13. Qd2 {[%clk 0:02:50]}  Nf6 {[%clk 0:02:53]} 14. h3 {[%clk 0:02:47]}  Be7 {[%clk 0:02:52]} 15. Bc2 {[%clk 0:02:41]}  O-O {[%clk 0:02:43]} 16. Ne2 {[%clk 0:02:37]}  Na5 {[%clk 0:02:10]} 17. b3 {[%clk 0:02:27]}  Nxe4 {[%clk 0:02:06]} 18. Qd3 {[%clk 0:02:15]}  Nf6 {[%clk 0:01:53]} 19. Ng3 {[%clk 0:02:02]}  e5 {[%clk 0:01:46]} 20. Nh5 {[%clk 0:00:59]}  e4 {[%clk 0:01:42]} 21. Nxf6+ {[%clk 0:00:58]}  Bxf6 {[%clk 0:01:41]} 22. Qe3 {[%clk 0:00:58]}  exf3 {[%clk 0:01:33]} 23. Bxh6 {[%clk 0:00:55]}  Re8 {[%clk 0:01:19]} 24. Qf4 {[%clk 0:00:41]}  gxh6 {[%clk 0:01:06]} 25. Bf5 {[%clk 0:00:36]}  Bg5 {[%clk 0:00:46]} 26. Qg4 {[%clk 0:00:34]}  Rc7 {[%clk 0:00:37]} 27. Rxc7 {[%clk 0:00:27]}  Qxc7 {[%clk 0:00:34]} 28. h4 {[%clk 0:00:28]}  Qe7 {[%clk 0:00:30]} 29. gxf3 {[%clk 0:00:23]}  Nc6 {[%clk 0:00:16]} 30. Kh2 {[%clk 0:00:18]}  Ne5 {[%clk 0:00:15]} 31. Qg3 {[%clk 0:00:14]}  Nxf3+ {[%clk 0:00:16]} 32. Kh3 {[%clk 0:00:14]}  Nxh4 {[%clk 0:00:15]} 33. Rxd6 {[%clk 0:00:14]}  Qe5 {[%clk 0:00:13]} 34. Rd7 {[%clk 0:00:04]}  Qxg3+ {[%clk 0:00:12]} 35. fxg3 {[%clk 0:00:05]}  Nxf5 {[%clk 0:00:12]} 36. Rxb7 {[%clk 0:00:05]}  Re2 {[%clk 0:00:12]} 37. Rb6 {[%clk 0:00:05]}  Rxa2 {[%clk 0:00:11]} 38. Rb8+ {[%clk 0:00:05]}  Kg7 {[%clk 0:00:11]} 39. Rb6 {[%clk 0:00:05]}  Nd4 {[%clk 0:00:11]} 40. Kg4 {[%clk 0:00:06]}  Nxb3 {[%clk 0:00:11]} 41. Kh5 {[%clk 0:00:06]}  Ra4 {[%clk 0:00:11]} 42. g4 {[%clk 0:00:04]}  Ra1 {[%clk 0:00:11]} 43. Rg6+ {[%clk 0:00:04]}  Kf8 {[%clk 0:00:10]} 44. Rg8+ {[%clk 0:00:04]}  Ke7 {[%clk 0:00:10]} 45. Re8+ {[%clk 0:00:05]}  Kd7 {[%clk 0:00:10]} 46. Re1 {[%clk 0:00:01]}  Bc1 {[%clk 0:00:10]} 47. Rd1+ {[%clk 0:00:01]}  Kc6 {[%clk 0:00:10]} 48. Rf1 {[%clk 0:00:01]}  Kb6 {[%clk 0:00:09]} 49. Rf6+ {[%clk 0:00:01]}  Ka5 {[%clk 0:00:10]} 50. g5 {[%clk 0:00:02]}  Bxg5 {[%clk 0:00:09]} 51. Rf5 {[%clk 0:00:02]}  Rh1+ {[%clk 0:00:09]} 52. Kg4 {[%clk 0:00:02]}  Rh4+ {[%clk 0:00:10]} 53. Kg3 {[%clk 0:00:02]}  Rf4 {[%clk 0:00:10]} 54. Re5 {[%clk 0:00:02]}  f6 {[%clk 0:00:09]} 55. Re1 {[%clk 0:00:03]}  Nc5 {[%clk 0:00:10]} 56. Rb1 {[%clk 0:00:04]}  Kb6 {[%clk 0:00:10]} 57. Ra1 {[%clk 0:00:04]}  Ne4+ {[%clk 0:00:10]} 58. Kh3 {[%clk 0:00:05]}  Nd2 {[%clk 0:00:10]} 59. Re1 {[%clk 0:00:06]}  Ra4 {[%clk 0:00:09]} 60. Re6+ {[%clk 0:00:06]}  Ka5 {[%clk 0:00:10]} 61. Re7 {[%clk 0:00:07]}  Nc4 {[%clk 0:00:10]} 62. Re2 {[%clk 0:00:07]}  Nb6 {[%clk 0:00:10]} 63. Kg3 {[%clk 0:00:08]}  b4 {[%clk 0:00:10]} 64. Kh3 {[%clk 0:00:08]}  b3 {[%clk 0:00:11]} 65. Kg3 {[%clk 0:00:07]}  Ra3 {[%clk 0:00:11]} 66. Rb2 {[%clk 0:00:07]}  Kb4 {[%clk 0:00:10]} 67. Rf2 {[%clk 0:00:08]}  Ra2 {[%clk 0:00:11]} 68. Rf3 {[%clk 0:00:07]}  Nc4 {[%clk 0:00:11]} 69. Kg4 {[%clk 0:00:08]}  b2 {[%clk 0:00:11]} 70. Rf1 {[%clk 0:00:07]}  Kb3 {[%clk 0:00:11]} 71. Rf3+ {[%clk 0:00:07]}  Kb4 {[%clk 0:00:11]} 72. Rf1 {[%clk 0:00:07]}  Ra1 {[%clk 0:00:11]} 73. Rf2 {[%clk 0:00:06]}  b1=Q {[%clk 0:00:11]} 74. Kh5 {[%clk 0:00:07]}  Qh1+ {[%clk 0:00:11]} 75. Kg6 {[%clk 0:00:08]}  Qe4+ {[%clk 0:00:11]} 76. Kg7 {[%clk 0:00:07]}  Qe7+ {[%clk 0:00:11]} 77. Kh8 {[%clk 0:00:08]}  Qf8+ {[%clk 0:00:11]} 78. Kh7 {[%clk 0:00:08]}  Qf7+ {[%clk 0:00:10]} 79. Kh8 {[%clk 0:00:09]}  Qa7 {[%clk 0:00:09]} 80. Rb2+ {[%clk 0:00:08]}  Nxb2 {[%clk 0:00:08]} 81. Kg8 {[%clk 0:00:04]}  Rc1 {[%clk 0:00:09]} 0-1

[Event "April 9 Early 2024"]
[Site "Chess.com"]
[Date "2024.04.09"]
[Round "7"]
[White "Shaik Sumer Arsh"]
[Black "Quirke, Jeffrey"]
[Result "1-0"]
[Board "228"]
[WhiteFideId "45020000"]
[BlackFideId "2013029"]
[WhiteTitle "CM"]
[WhiteElo "2630"]
[BlackElo "2213"]
[WhiteTeam "IND"]
[BlackTeam "USA"]
[WhiteClock "0:00:26"]
[BlackClock "0:00:00"]
[Variant "Standard"]

1. d4 {[%clk 0:01:54]}  Nf6 {[%clk 0:02:56]} 2. c4 {[%clk 0:01:52]}  g6 {[%clk 0:02:56]} 3. Nc3 {[%clk 0:01:52]}  Bg7 {[%clk 0:02:56]} 4. e4 {[%clk 0:01:52]}  d6 {[%clk 0:02:57]} 5. Nf3 {[%clk 0:01:51]}  O-O {[%clk 0:02:57]} 6. Be2 {[%clk 0:01:51]}  e5 {[%clk 0:02:58]} 7. Be3 {[%clk 0:01:51]}  exd4 {[%clk 0:02:54]} 8. Nxd4 {[%clk 0:01:52]}  Re8 {[%clk 0:02:54]} 9. f3 {[%clk 0:01:48]}  c6 {[%clk 0:02:54]} 10. Bf2 {[%clk 0:01:48]}  d5 {[%clk 0:02:54]} 11. exd5 {[%clk 0:01:49]}  cxd5 {[%clk 0:02:54]} 12. O-O {[%clk 0:01:50]}  Nc6 {[%clk 0:02:39]} 13. c5 {[%clk 0:01:51]}  Bd7 {[%clk 0:02:28]} 14. Nxc6 {[%clk 0:01:42]}  bxc6 {[%clk 0:02:26]} 15. Bd4 {[%clk 0:01:41]}  Nh5 {[%clk 0:02:23]} 16. Bxg7 {[%clk 0:01:39]}  Kxg7 {[%clk 0:02:24]} 17. Qd4+ {[%clk 0:01:38]}  Qf6 {[%clk 0:02:24]} 18. Rfd1 {[%clk 0:01:37]}  Nf4 {[%clk 0:02:20]} 19. Bf1 {[%clk 0:01:35]}  Rab8 {[%clk 0:01:57]} 20. b4 {[%clk 0:01:25]}  Ne6 {[%clk 0:01:51]} 21. Qxf6+ {[%clk 0:01:24]}  Kxf6 {[%clk 0:01:52]} 22. a3 {[%clk 0:01:21]}  a5 {[%clk 0:01:38]} 23. Rab1 {[%clk 0:01:06]}  axb4 {[%clk 0:01:38]} 24. axb4 {[%clk 0:01:06]}  Rb7 {[%clk 0:01:25]} 25. Na4 {[%clk 0:01:01]}  Ra8 {[%clk 0:01:09]} 26. Nb6 {[%clk 0:01:01]}  Ra2 {[%clk 0:01:08]} 27. Rbc1 {[%clk 0:00:51]}  Nf4 {[%clk 0:00:59]} 28. g3 {[%clk 0:00:48]}  Ne2+ {[%clk 0:00:54]} 29. Bxe2 {[%clk 0:00:48]}  Rxe2 {[%clk 0:00:55]} 30. b5 {[%clk 0:00:49]}  Be8 {[%clk 0:00:24]} 31. Ra1 {[%clk 0:00:28]}  cxb5 {[%clk 0:00:13]} 32. Nxd5+ {[%clk 0:00:28]}  Kg7 {[%clk 0:00:12]} 33. Ra6 {[%clk 0:00:26]}  Rd7 {[%clk 0:00:08]} 34. c6 {[%clk 0:00:26]}  Rd8 {[%clk 0:00:08]} 35. c7 {[%clk 0:00:25]}  Rc8 {[%clk 0:00:08]} 36. Rd6 {[%clk 0:00:25]}  Rc2 {[%clk 0:00:06]} 37. Rd8 {[%clk 0:00:25]}  R2xc7 {[%clk 0:00:05]} 38. Nxc7 {[%clk 0:00:26]}  Rxc7 {[%clk 0:00:00]} 39. Rxe8 {[%clk 0:00:26]} 1-0

[Event "April 9 Early 2024"]
[Site "Chess.com"]
[Date "2024.04.09"]
[Round "7"]
[White "Omariev, Maksim"]
[Black "Shyam Gandhi"]
[Result "0-1"]
[Board "229"]
[WhiteFideId "4193423"]
[BlackFideId "2052008"]
[WhiteTitle "FM"]
[WhiteElo "2406"]
[BlackElo "2158"]
[WhiteTeam "RUS"]
[BlackTeam "USA"]
[WhiteClock "0:00:00"]
[BlackClock "0:00:46"]
[Variant "Standard"]

1. a3 {[%clk 0:02:56]}  Nf6 {[%clk 0:02:57]} 2. b3 {[%clk 0:02:57]}  e5 {[%clk 0:02:57]} 3. c3 {[%clk 0:02:58]}  d5 {[%clk 0:02:55]} 4. d3 {[%clk 0:02:59]}  c5 {[%clk 0:02:51]} 5. e3 {[%clk 0:02:59]}  Nc6 {[%clk 0:02:51]} 6. f3 {[%clk 0:03:00]}  Bd6 {[%clk 0:02:46]} 7. g3 {[%clk 0:03:01]}  O-O {[%clk 0:02:45]} 8. h3 {[%clk 0:03:02]}  e4 {[%clk 0:02:45]} 9. f4 {[%clk 0:02:59]}  Re8 {[%clk 0:02:43]} 10. d4 {[%clk 0:02:59]}  cxd4 {[%clk 0:02:38]} 11. cxd4 {[%clk 0:03:00]}  Qa5+ {[%clk 0:02:26]} 12. Bd2 {[%clk 0:02:59]}  Qb6 {[%clk 0:02:25]} 13. Nc3 {[%clk 0:02:59]}  Na5 {[%clk 0:02:22]} 14. Na4 {[%clk 0:02:52]}  Qxb3 {[%clk 0:02:12]} 15. Bxa5 {[%clk 0:02:48]}  Qxe3+ {[%clk 0:02:12]} 16. Ne2 {[%clk 0:02:34]}  b6 {[%clk 0:02:12]} 17. Bb4 {[%clk 0:02:18]}  Bxb4+ {[%clk 0:02:06]} 18. axb4 {[%clk 0:02:19]}  Ba6 {[%clk 0:02:01]} 19. Nc3 {[%clk 0:02:17]}  Qf3 {[%clk 0:01:45]} 20. Rh2 {[%clk 0:02:07]}  Bxe2 {[%clk 0:01:18]} 21. Nxe2 {[%clk 0:02:04]}  e3 {[%clk 0:01:18]} 22. Rg2 {[%clk 0:01:19]}  Ne4 {[%clk 0:01:18]} 23. Ra2 {[%clk 0:00:04]}  Nd2 {[%clk 0:01:10]} 24. Rxd2 {[%clk 0:00:04]}  exd2+ {[%clk 0:01:11]} 25. Qxd2 {[%clk 0:00:05]}  a5 {[%clk 0:01:08]} 26. b5 {[%clk 0:00:03]}  a4 {[%clk 0:01:09]} 27. Rf2 {[%clk 0:00:01]}  Qxg3 {[%clk 0:01:09]} 28. Bg2 {[%clk 0:00:01]}  a3 {[%clk 0:01:08]} 29. Qa2 {[%clk 0:00:02]}  Qc3+ {[%clk 0:01:07]} 30. Kf1 {[%clk 0:00:02]}  Qb2 {[%clk 0:01:07]} 31. Qxd5 {[%clk 0:00:02]}  a2 {[%clk 0:01:05]} 32. Be4 {[%clk 0:00:01]}  a1=Q+ {[%clk 0:01:04]} 33. Kg2 {[%clk 0:00:02]}  Rad8 {[%clk 0:00:55]} 34. Qf5 {[%clk 0:00:02]}  g6 {[%clk 0:00:53]} 35. Qf6 {[%clk 0:00:02]}  Rxe4 {[%clk 0:00:47]} 36. Qxd8+ {[%clk 0:00:01]}  Kg7 {[%clk 0:00:48]} 37. Qd5 {[%clk 0:00:01]}  Rxe2 {[%clk 0:00:45]} 38. Rxe2 {[%clk 0:00:00]}  Qxe2+ {[%clk 0:00:46]} 0-1

[Event "April 9 Early 2024"]
[Site "Chess.com"]
[Date "2024.04.09"]
[Round "8"]
[White "Svane, Rasmus"]
[Black "Aliyev, Ravan"]
[Result "1-0"]
[Board "31"]
[WhiteFideId "4657101"]
[BlackFideId "13409980"]
[WhiteTitle "GM"]
[BlackTitle "FM"]
[WhiteElo "2889"]
[BlackElo "2698"]
[WhiteTeam "GER"]
[BlackTeam "AZE"]
[WhiteClock "0:00:36"]
[BlackClock "0:00:10"]
[Variant "Standard"]

1. Nf3 {[%clk 0:02:54]}  Nf6 {[%clk 0:02:57]} 2. g3 {[%clk 0:02:52]}  d5 {[%clk 0:02:56]} 3. Bg2 {[%clk 0:02:52]}  Bf5 {[%clk 0:02:56]} 4. O-O {[%clk 0:02:52]}  e6 {[%clk 0:02:57]} 5. c4 {[%clk 0:02:53]}  c6 {[%clk 0:02:57]} 6. Qb3 {[%clk 0:02:53]}  Qb6 {[%clk 0:02:56]} 7. d3 {[%clk 0:02:53]}  Nbd7 {[%clk 0:02:51]} 8. cxd5 {[%clk 0:02:48]}  cxd5 {[%clk 0:02:44]} 9. Nc3 {[%clk 0:02:47]}  Be7 {[%clk 0:02:42]} 10. Qxb6 {[%clk 0:02:45]}  axb6 {[%clk 0:02:32]} 11. Nb5 {[%clk 0:02:45]}  O-O {[%clk 0:02:32]} 12. Bf4 {[%clk 0:02:44]}  Rfc8 {[%clk 0:02:29]} 13. Nfd4 {[%clk 0:02:28]}  Bg6 {[%clk 0:02:21]} 14. Bd6 {[%clk 0:01:49]}  Kf8 {[%clk 0:02:18]} 15. f4 {[%clk 0:01:47]}  Ne8 {[%clk 0:01:46]} 16. Bxe7+ {[%clk 0:01:46]}  Kxe7 {[%clk 0:01:47]} 17. a3 {[%clk 0:01:44]}  Nd6 {[%clk 0:01:26]} 18. Rac1 {[%clk 0:01:38]}  Rc5 {[%clk 0:01:13]} 19. Nxd6 {[%clk 0:01:35]}  Kxd6 {[%clk 0:01:13]} 20. b4 {[%clk 0:01:35]}  Rcc8 {[%clk 0:01:09]} 21. Nb5+ {[%clk 0:01:28]}  Ke7 {[%clk 0:01:08]} 22. Kf2 {[%clk 0:01:23]}  h6 {[%clk 0:00:53]} 23. h3 {[%clk 0:01:22]}  Bh7 {[%clk 0:00:52]} 24. Bf3 {[%clk 0:01:17]}  g5 {[%clk 0:00:52]} 25. Ke3 {[%clk 0:01:15]}  gxf4+ {[%clk 0:00:51]} 26. gxf4 {[%clk 0:01:14]}  Bf5 {[%clk 0:00:50]} 27. Nd4 {[%clk 0:01:01]}  Bh7 {[%clk 0:00:40]} 28. Rxc8 {[%clk 0:00:59]}  Rxc8 {[%clk 0:00:41]} 29. Rg1 {[%clk 0:01:00]}  Rc3 {[%clk 0:00:32]} 30. Nb5 {[%clk 0:00:51]}  Rc2 {[%clk 0:00:32]} 31. Rg7 {[%clk 0:00:42]}  Bg6 {[%clk 0:00:24]} 32. Rg8 {[%clk 0:00:43]}  Nf8 {[%clk 0:00:23]} 33. h4 {[%clk 0:00:40]}  h5 {[%clk 0:00:16]} 34. Rh8 {[%clk 0:00:38]}  Kf6 {[%clk 0:00:16]} 35. Rxf8 {[%clk 0:00:37]}  Ke7 {[%clk 0:00:14]} 36. Rb8 {[%clk 0:00:37]}  Rc1 {[%clk 0:00:12]} 37. Rxb7+ {[%clk 0:00:36]}  Kf6 {[%clk 0:00:10]} 38. Rxb6 {[%clk 0:00:36]} 1-0

[Event "April 9 Early 2024"]
[Site "Chess.com"]
[Date "2024.04.09"]
[Round "8"]
[White "Yuan, Qingyu"]
[Black "Munoz, Miguel"]
[Result "1/2-1/2"]
[Board "38"]
[WhiteFideId "8609772"]
[BlackFideId "3800229"]
[BlackTitle "GM"]
[WhiteElo "2821"]
[BlackElo "2623"]
[WhiteTeam "CHN"]
[BlackTeam "PER"]
[WhiteClock "0:00:03"]
[BlackClock "0:00:11"]
[Variant "Standard"]

1. e4 {[%clk 0:02:56]}  d5 {[%clk 0:02:58]} 2. d3 {[%clk 0:02:52]}  Nf6 {[%clk 0:02:53]} 3. e5 {[%clk 0:02:43]}  Nfd7 {[%clk 0:02:51]} 4. d4 {[%clk 0:02:37]}  e6 {[%clk 0:02:49]} 5. c3 {[%clk 0:02:28]}  c5 {[%clk 0:02:45]} 6. Be3 {[%clk 0:02:19]}  Qb6 {[%clk 0:02:42]} 7. Qd2 {[%clk 0:02:10]}  Nc6 {[%clk 0:02:39]} 8. f4 {[%clk 0:02:07]}  cxd4 {[%clk 0:02:36]} 9. cxd4 {[%clk 0:02:07]}  Bb4 {[%clk 0:02:33]} 10. Nc3 {[%clk 0:02:08]}  Na5 {[%clk 0:02:32]} 11. Nf3 {[%clk 0:02:04]}  Qc6 {[%clk 0:02:28]} 12. Rc1 {[%clk 0:01:52]}  Nc4 {[%clk 0:02:26]} 13. Bxc4 {[%clk 0:01:45]}  Qxc4 {[%clk 0:02:26]} 14. a3 {[%clk 0:01:40]}  Be7 {[%clk 0:02:26]} 15. Ne4 {[%clk 0:01:31]}  Qa6 {[%clk 0:02:23]} 16. Nc5 {[%clk 0:01:26]}  Nxc5 {[%clk 0:02:18]} 17. dxc5 {[%clk 0:01:27]}  O-O {[%clk 0:02:18]} 18. Qe2 {[%clk 0:01:17]}  Qxe2+ {[%clk 0:02:13]} 19. Kxe2 {[%clk 0:01:18]}  Bd7 {[%clk 0:02:13]} 20. Nd4 {[%clk 0:01:17]}  a5 {[%clk 0:02:05]} 21. b4 {[%clk 0:01:13]}  axb4 {[%clk 0:01:43]} 22. axb4 {[%clk 0:01:14]}  Ra2+ {[%clk 0:01:43]} 23. Rc2 {[%clk 0:00:56]}  Rxc2+ {[%clk 0:01:36]} 24. Nxc2 {[%clk 0:00:57]}  Ra8 {[%clk 0:01:36]} 25. Ra1 {[%clk 0:00:53]}  Rxa1 {[%clk 0:01:34]} 26. Nxa1 {[%clk 0:00:53]}  f6 {[%clk 0:01:34]} 27. Bd4 {[%clk 0:00:48]}  Kf7 {[%clk 0:01:29]} 28. Nc2 {[%clk 0:00:42]}  Ba4 {[%clk 0:01:11]} 29. Ne3 {[%clk 0:00:39]}  Bd8 {[%clk 0:01:09]} 30. Kd2 {[%clk 0:00:39]}  Bc6 {[%clk 0:01:06]} 31. Kc3 {[%clk 0:00:38]}  Bc7 {[%clk 0:01:03]} 32. Kd2 {[%clk 0:00:37]}  h5 {[%clk 0:00:59]} 33. g3 {[%clk 0:00:35]}  g5 {[%clk 0:00:56]} 34. Ng2 {[%clk 0:00:27]}  gxf4 {[%clk 0:00:50]} 35. gxf4 {[%clk 0:00:27]}  f5 {[%clk 0:00:50]} 36. Nh4 {[%clk 0:00:22]}  Bd8 {[%clk 0:00:47]} 37. Nf3 {[%clk 0:00:22]}  Be7 {[%clk 0:00:46]} 38. Bf2 {[%clk 0:00:22]}  Ke8 {[%clk 0:00:41]} 39. Kd3 {[%clk 0:00:17]}  Kd7 {[%clk 0:00:38]} 40. Kd4 {[%clk 0:00:15]}  b6 {[%clk 0:00:35]} 41. Bh4 {[%clk 0:00:13]}  bxc5+ {[%clk 0:00:31]} 42. bxc5 {[%clk 0:00:14]}  Bf8 {[%clk 0:00:31]} 43. Bf6 {[%clk 0:00:12]}  Bh6 {[%clk 0:00:28]} 44. Bg5 {[%clk 0:00:12]}  Bf8 {[%clk 0:00:28]} 45. Nh4 {[%clk 0:00:09]}  Bg7 {[%clk 0:00:25]} 46. Ng6 {[%clk 0:00:09]}  Bb5 {[%clk 0:00:23]} 47. Bf6 {[%clk 0:00:08]}  Bh6 {[%clk 0:00:20]} 48. Bg5 {[%clk 0:00:08]}  Bg7 {[%clk 0:00:20]} 49. Be7 {[%clk 0:00:07]}  Ke8 {[%clk 0:00:17]} 50. Bf6 {[%clk 0:00:06]}  Bh6 {[%clk 0:00:17]} 51. Bg5 {[%clk 0:00:05]}  Bg7 {[%clk 0:00:16]} 52. Ne7 {[%clk 0:00:04]}  Bf8 {[%clk 0:00:11]} 53. Nc8 {[%clk 0:00:04]}  Kd7 {[%clk 0:00:10]} 54. Nd6 {[%clk 0:00:03]}  Bc6 {[%clk 0:00:10]} 55. h4 {[%clk 0:00:03]}  Ba4 {[%clk 0:00:10]} 56. Bf6 {[%clk 0:00:02]}  Bc6 {[%clk 0:00:10]} 57. Bg5 {[%clk 0:00:03]}  Bg7 {[%clk 0:00:10]} 58. Nf7 {[%clk 0:00:03]}  Bf8 {[%clk 0:00:10]} 59. Bf6 {[%clk 0:00:03]}  Ba4 {[%clk 0:00:10]} 60. Nd6 {[%clk 0:00:03]}  Bc6 {[%clk 0:00:11]} 61. Bg5 {[%clk 0:00:03]} 1/2-1/2

[Event "April 9 Early 2024"]
[Site "Chess.com"]
[Date "2024.04.09"]
[Round "8"]
[White "Domingo Nunez, Alejandro"]
[Black "Clarke, Brandon G I"]
[Result "0-1"]
[Board "41"]
[WhiteFideId "22245561"]
[BlackFideId "400319"]
[WhiteTitle "FM"]
[BlackTitle "IM"]
[WhiteElo "2609"]
[BlackElo "2810"]
[WhiteTeam "ESP"]
[BlackTeam "ENG"]
[WhiteClock "0:00:26"]
[BlackClock "0:01:35"]
[Variant "Standard"]

1. Nf3 {[%clk 0:03:00]}  Nf6 {[%clk 0:02:59]} 2. g3 {[%clk 0:03:01]}  g6 {[%clk 0:02:59]} 3. b3 {[%clk 0:03:01]}  Bg7 {[%clk 0:02:58]} 4. Bb2 {[%clk 0:03:01]}  d6 {[%clk 0:02:57]} 5. d4 {[%clk 0:03:01]}  c5 {[%clk 0:02:55]} 6. Bg2 {[%clk 0:02:58]}  cxd4 {[%clk 0:02:53]} 7. Nxd4 {[%clk 0:02:59]}  d5 {[%clk 0:02:53]} 8. O-O {[%clk 0:02:59]}  O-O {[%clk 0:02:54]} 9. c4 {[%clk 0:02:58]}  dxc4 {[%clk 0:02:54]} 10. bxc4 {[%clk 0:02:58]}  Qb6 {[%clk 0:02:55]} 11. Qb3 {[%clk 0:02:57]}  Nfd7 {[%clk 0:02:54]} 12. Rd1 {[%clk 0:01:57]}  Nc6 {[%clk 0:02:54]} 13. e3 {[%clk 0:01:42]}  Na5 {[%clk 0:02:53]} 14. Qc2 {[%clk 0:01:39]}  Nxc4 {[%clk 0:02:53]} 15. Qxc4 {[%clk 0:01:38]}  Qxb2 {[%clk 0:02:53]} 16. Nc3 {[%clk 0:01:37]}  Ne5 {[%clk 0:02:53]} 17. Qb3 {[%clk 0:01:24]}  Qxb3 {[%clk 0:02:53]} 18. axb3 {[%clk 0:01:24]}  Rd8 {[%clk 0:02:54]} 19. Ndb5 {[%clk 0:01:05]}  Rxd1+ {[%clk 0:02:44]} 20. Rxd1 {[%clk 0:01:05]}  Bg4 {[%clk 0:02:13]} 21. Rd5 {[%clk 0:01:02]}  Nc6 {[%clk 0:02:02]} 22. h3 {[%clk 0:00:51]}  Be6 {[%clk 0:02:02]} 23. Rc5 {[%clk 0:00:39]}  Bxb3 {[%clk 0:01:53]} 24. Nc7 {[%clk 0:00:37]}  Rc8 {[%clk 0:01:49]} 25. N3d5 {[%clk 0:00:36]}  Kf8 {[%clk 0:01:38]} 26. f4 {[%clk 0:00:33]}  e6 {[%clk 0:01:37]} 27. Rb5 {[%clk 0:00:26]}  Bxd5 {[%clk 0:01:35]} 0-1